000 01003nam a2200265Ia 4500
003 OSt
005 20221005111558.0
006 a|||||r|||| 00| 0
007 ta
008 221004b |||||||| |||| 00| 0 hin d
020 _a9788192805450 (hbk)
_c295
024 _a12352
037 _b565, 06/03/2014, Swaraj Prakashan
_cTextual
040 _aCRL
_cCRL
_bhin
041 _2hin
_ahin
082 _aG:55, 152Q4
100 _aमिश्र, स्वतंत्र
245 0 _aजल जंगल और जमीन
_b उलट पुलट पर्यावरण
246 _aJal jangal aur jamīna: ulaṭ pulaṭ paryāvaraṇa
260 _aनई दिल्ली
_bस्वराज प्रकाशन
_c2014
300 _a43पृ0
_ccm.
650 _aजीव विज्ञान-पर्यावरण
942 _hG:55, 152Q4
_cTEXL
_2cc
999 _c1022230
_d1022230